| 000 | 00482nam a2200169 i 4500 | ||
|---|---|---|---|
| 001 | 76993 | ||
| 003 | ES-MaACL | ||
| 005 | 20230906173038.0 | ||
| 007 | t| | ||
| 008 | 041006s1965 ag ||||1| spa d | ||
| 100 | 1 |
_aGuthrie, A. B. _961035 |
|
| 245 | 1 | 0 |
_aCamino del oeste / _cA.B. Guthrie ; [traducción de Manuel Barberá]. |
| 260 |
_aBuenos Aires : _bPlaza & Janés, _c[1965] |
||
| 300 |
_a410 p. ; _c18 cm. |
||
| 700 | 1 |
_aBarberá, Manuel. _925419 |
|
| 852 | 4 |
_aES-MaACL _jC-28920 |
|
| 999 |
_c76993 _d76993 |
||